Management and production readings

Wedi'i Gadw mewn:
Manylion Llyfryddiaeth
Prif Awdur: Wild, Ray
Fformat: Llyfr
Iaith:Undetermined
Cyhoeddwyd: New York Penguin Book 1981
Pynciau:
Tagiau: Ychwanegu Tag
Dim Tagiau, Byddwch y cyntaf i dagio'r cofnod hwn!
Thư viện lưu trữ: Trung tâm Học liệu Trường Đại học Cần Thơ
LEADER 00473nam a2200181Ia 4500
001 CTU_83466
008 210402s9999 xx 000 0 und d
082 |a 658.5 
082 |b W668 
100 |a Wild, Ray 
245 0 |a Management and production readings 
245 0 |c Ray Wild 
260 |a New York 
260 |b Penguin Book 
260 |c 1981 
650 |a Production management 
904 |i QHieu(sửa) 
980 |a Trung tâm Học liệu Trường Đại học Cần Thơ